| 000 | 00859nam a22002175i 4500 | ||
|---|---|---|---|
| 001 | 54479 | ||
| 003 | ES-MaACL | ||
| 005 | 20250704063111.0 | ||
| 007 | t| | ||
| 008 | 960724m18891906fr ||||1| fre d | ||
| 040 |
_aCAM _bspa _cCAM |
||
| 100 | 1 |
_aFouillée, Alfred, _d1838-1912 _951939 |
|
| 245 | 1 | 3 |
_aLa philosophie de Platon ... / _cpar Alfred Fouillée. |
| 250 | _a3e éd. | ||
| 260 |
_aParis : _bHachette, _c1889-1906 ( _eCoulommiers : _fP. Brodard) |
||
| 300 |
_a4 v. ; _c18 cm. |
||
| 505 | 8 | _aContiene: V. 1. Théorie des idées et de l'amour -- v. 2. Esthétique, morale et religion platoniciennes -- v. 3. Histoire du platonisme et de ses rapports avec le christianisme -- v. 4. Essais de philosophie platonicienne | |
| 600 | 0 | 4 |
_aPlatón- _xCrítica e interpretación. _992599 |
| 852 |
_aES-MaACL _jF-7970-3 |
||
| 999 |
_c54479 _d54479 |
||